Physiology of rubber tree latex: The laticiferous cell and latex - a model of cytoplasm (Record no. 40304)

MARC details
000 -LEADER
fixed length control field 00664nam a2200229Ia 4500
082 ## - DEWEY DECIMAL CLASSIFICATION NUMBER
Classification number NR:63:581.1
Item number DAU;1
245 #0 - TITLE STATEMENT
Title Physiology of rubber tree latex: The laticiferous cell and latex - a model of cytoplasm
260 ## - PUBLICATION, DISTRIBUTION, ETC. (IMPRINT)
Place of publication Florida
Name of publisher CRC
Year of publication 1988
650 ## - SUBJECT ADDED ENTRY--TOPICAL TERM
Topical Term Ethylene stimulation
650 ## - SUBJECT ADDED ENTRY--TOPICAL TERM
Topical Term Hevea bark dryness
650 ## - SUBJECT ADDED ENTRY--TOPICAL TERM
Topical Term Hevea brown bast
650 ## - SUBJECT ADDED ENTRY--TOPICAL TERM
Topical Term Hevea latex composition
650 ## - SUBJECT ADDED ENTRY--TOPICAL TERM
Topical Term Hevea physiology
650 ## - SUBJECT ADDED ENTRY--TOPICAL TERM
Topical Term Latex physiology
650 ## - SUBJECT ADDED ENTRY--TOPICAL TERM
Topical Term Latex yield
650 ## - SUBJECT ADDED ENTRY--TOPICAL TERM
Topical Term Polyisoprenoid
650 ## - SUBJECT ADDED ENTRY--TOPICAL TERM
Topical Term Tapping system
650 ## - SUBJECT ADDED ENTRY--TOPICAL TERM
Topical Term Water relations
700 ## - ADDED ENTRY--PERSONAL NAME
Personal name D'Auzac, Jean
942 ## - ADDED ENTRY ELEMENTS (KOHA)
Koha item type Books
Holdings
Withdrawn status Lost status Damaged status Not for loan Collection code Home library Current library Date acquired Cost, normal purchase price Full call number Accession Number Koha item type
        Official use RRII Library RRII Library 16/12/2021 598.00 NR:63:581.1 DAU;1 20606 Books